SMI Business directory : profiles & listing of SMIs/ SMEs in Malaysia 2009.

Bibliographic Details
Corporate Author: SMI Association of Malaysia
Format: Book
Published: Kuala Lumpur: Tourism Publications, 2009.
Edition:8th ed.
Subjects:
LEADER 00947cam a2200229 7i4500
001 0000023061
005 20091009090000.0
022 0 0 |a 1511-8789 
090 0 0 |a M 338.7025   |b SMA 
245 0 0 |a SMI Business directory :   |b profiles & listing of SMIs/ SMEs in Malaysia 2009. 
250 0 0 |a 8th ed. 
260 0 0 |a Kuala Lumpur:   |b Tourism Publications,   |c 2009. 
300 # # |a 452 p. 
650 0 0 |a Small and medium industries --   |x Directories --   |z Malaysia  
650 0 0 |a Small and medium enterprises --   |x Directories --   |z Malaysia  
651 0 0 |a Malaysia  
710 2 1 |a SMI Association of Malaysia  
999 |a JHR000140H  |b Directories  |c Malaysia  |e MATRADE Southern Regional Office 
999 |a PNG000843H  |b Directories  |c Malaysia  |e MATRADE Northern Regional Office 
999 |a SBH000815H  |b Directories  |c Malaysia  |e MATRADE Sabah 
999 |a SRW000239H  |b Directories  |c Malaysia  |e MATRADE Sarawak 
999 |a TRG000128H  |b Directories  |c Malaysia  |e MATRADE Eastern Regional Office